00000000nam 2200000zi 4500
0019.954264
003CaOODSP
00520250819142148
006m     o  d f      
007cr mn ||||||||
008250819e20180620oncd    obs  f000 0 fre d
040 |aCaOODSP|bfre|erda|cCaOODSP
043 |an-cn---
0861 |aCS82-003/2018-6-1F-PDF
1001 |aBushnik, Tracey, |eauteur.
24510|aFacteurs associés au contrôle de l’hypertension chez les Canadiens plus âgés / |cpar Tracey Bushnik, Deirdre A. Hennessy, Finlay A. McAlister et Douglas G. Manuel.
264 1|a[Ottawa] : |bStatistique Canada = Statistics Canada, |cle 20 juin 2018.
264 4|c©2018
300 |a1 ressource en ligne (pages 3-12) : |bgraphiques.
336 |atexte|btxt|2rdacontent/fre
337 |ainformatique|bc|2rdamedia/fre
338 |aressource en ligne|bcr|2rdacarrier/fre
4901 |aRapports sur la santé, |x1209-1375 ; |vvol. 29, no. 6, [1]
500 |aTitre de la couverture.
500 |aPublié aussi en anglais sous le titre : Factors associated with hypertension control among older Canadians.
504 |aComprend des références bibliographiques (pages 11-12).
5203 |a« Les femmes plus âgées sont beaucoup moins susceptibles que les hommes plus âgés de voir leur tension artérielle contrôlée au Canada. La présente étude examine les facteurs qui peuvent expliquer certaines différences en ce qui concerne le contrôle de l’hypertension entre les femmes et les hommes » -- Résumé, page 3.
650 6|aHypertension artérielle|zCanada|vStatistiques.
650 6|aPression artérielle|zCanada|vStatistiques.
650 6|aHypotenseurs.
655 7|aStatistiques|2rvmgf
7102 |aStatistique Canada, |eorganisme de publication.
77508|tFactors associated with hypertension control among older Canadians / |w(CaOODSP)9.954261
830#0|aRapports sur la santé (Collection)|x1209-1375 ; |vvol. 29, no. 6, [1].|w(CaOODSP)9.950257
85640|qPDF|s668 Ko|uhttps://publications.gc.ca/collections/collection_2025/statcan/82-003-x/CS82-003-2018-6-1-fra.pdf
8564 |qHTML|sS.O.|uhttps://www150.statcan.gc.ca/n1/pub/82-003-x/2018006/article/54970-fra.htm